| 000 | 00478nam a2200157 4500 | ||
|---|---|---|---|
| 001 | 108412 | ||
| 003 | ES-MaACL | ||
| 005 | 20230906184635.0 | ||
| 007 | t| | ||
| 008 | 061121s1970 sp r ||||1| spa d | ||
| 100 | 1 |
_aMontero Escalera, Francisco. _982519 |
|
| 245 | 1 | 0 |
_aDel ambiente y del paisaje _b: estampas lĂricas / _cFrancisco Montero Escalera. |
| 260 |
_aHuelva : _b[s.n.], _c1970 ( _fImp. Color) |
||
| 300 |
_a114 p. ; _c20 cm. |
||
| 852 |
_aES-MaACL _jC-48012 _bR.74273 |
||
| 999 |
_c108412 _d108412 |
||